Návrh podnikateľského plánu pre digitálnu marketingovú agentúru diplomová práca

Na minha lista:
Detalhes bibliográficos
Autor principal: Srnka, Roman
Autor Corporativo: Obchodná fakulta EU. Katedra marketingu
Outros Autores: Drábik, Peter, 1981-
Formato: Livro
Idioma:eslovaco
Publicado em: Bratislava 2025
Tags: Adicionar Tag
Sem tags, seja o primeiro a adicionar uma tag!

MARC

LEADER 00000nbm a2200000 4500
001 0310115
005 20251104122300.9
041 0 |a slo 
044 |a SK 
245 1 0 |a Návrh podnikateľského plánu pre digitálnu marketingovú agentúru  |b diplomová práca  |c Roman Srnka ; školiteľ: Peter Drábik 
264 1 |a Bratislava  |c 2025 
300 |a 95 s. 
100 1 |a Srnka, Roman 
700 1 |a Drábik, Peter, 1981- 
710 2 |a Obchodná fakulta EU. Katedra marketingu